00736nam a2200241 a 450000100060000000300080000600500170001400800410003102000150007202000220008703500190010904000270012804100080015508200270016310000200019024500900021026000550030030000360035550000200039150400300041165000310044170000220047242256BD-RjUL20211209053520.0910729s1988 e a b 001 0 eng d a0813304121 a081330413X (pbk.) a(BD-RjUL)42374 aDLCcDLCbengdBD-RjUL aeng a327.0904223bWOC 198810aWoodby, Sylvia.14aThe changing agenda : bworld politics since 1945 /cSylvia Woodby, Martha L. Cottam. aBoulder, Col. ; London : bWestview press, cc1988 axiv, 225 p. : bill. ; c24 cm. aIncludes index. aBibliography: p. 197-204. 0aWorld politicsy1945-1955.1 aCottam, Martha L.